[Event "Torghatten GP-B"]
[Site "Bronnoysund"]
[Date "2004.03.13"]
[Round "3"]
[White "Kristensen, Trond"]
[Black "Elhassan, Mohamed"]
[Result "1-0"]
[WhiteElo "1191"]
[BlackElo "1200"]
[PlyCount "37"]
[EventDate "2004.03.13"]
[EventType "swiss"]
[EventRounds "5"]
[EventCountry "NOR"]
[SourceTitle "EXT 2006"]
[Source "ChessBase"]
[SourceDate "2005.11.24"]
[SourceVersion "1"]
[SourceVersionDate "2005.11.24"]
[SourceQuality "1"]

1. e4 e6 2. d4 d5 3. e5 c5 4. f4 Nh6 5. Nf3 Nf5 6. Nc3 cxd4 7. Ne2 Ne3 8. Bxe3 dxe3 9. Ned4 Qb6 10. Rb1 Nc6 11. Bb5 a6 12. Ba4 Qb4+ 13. c3 Qa5 14. Nxc6 Qc7 15. Ncd4+ b5 16. Bc2 Be7 17. 0-0 0-0 18. Qd3 b4 19. Qxh7# 1-0